Pays consommant le plus de riz - Statistiques

Statistiques générales
  • Ce quiz a été pris 193 fois
  • Le résultat moyen est 8 sur 10
Statistiques - réponses
En Milliers de Tonnes Métriques Pays Classement % Correct
154,946 Chine 1er
100%
8,200 Japon 9ème
99%
111,000 Inde 2ème
93%
12,800 Thaïlande 7ème
86%
21,600 Vietnam 5ème
86%
35,500 Indonésie 4ème
83%
37,600 Bangladesh 3ème
66%
15,800 Philippines 6ème
63%
6,900 Brésil 10ème
59%
10,300 Birmanie 8ème
49%
Aucun quiz correspondant
Distribution des résultats
% des personnes avec chaque résultat
Percentile par nombre de réponses
Votre historique - résultats
Vous n’avez pas pris ce quiz